One Piece - Utilisateurs de Zoan - Statistiques

Statistiques générales
  • Ce quiz a été pris 4 565 fois
    4 192 depuis la dernière actualisation
  • Le résultat moyen est 15 sur 65
Statistiques - réponses
Nom % Correct
Kaido
91%
Tony Tony Chopper
89%
King
78%
Queen
78%
Rob Lucci
78%
Marco
76%
Kaku
75%
Jack
67%
X Drake
65%
Sengoku
54%
Ulti
53%
Page One
51%
Jabra
49%
Black Maria
46%
Pell
45%
Who's Who
44%
Kozuki Momonosuke
42%
Sasaki
35%
Dalton
33%
Chaka
29%
Boa Marigold
17%
Boa Sandersonia
17%
Kurozumi Orochi
17%
Pekoms
17%
Dalmatian
16%
Speed
16%
Catarina Devon
14%
Pierre
14%
Funkfreed
13%
Batman
10%
Holdem
10%
Minokoala
10%
Minotaurus
9%
Morgans
9%
Drophy
8%
Gazelleman
8%
Lassoo
8%
Minorhinoceros
8%
Onigumo
8%
Minochihuahua
7%
Babanuki
6%
Kabu
6%
Minozebra
6%
Smiley
6%
Alpacaman
5%
Bian
5%
Mouseman
4%
Sheepshead
4%
Daifugo
3%
Epoida
3%
Hamlet
3%
Solitaire
3%
Bao Huang
2%
Bunbuku
2%
Dobon
2%
Ginrummy
2%
Poker
2%
Rabbitman
2%
Snakeman
2%
Briscola
1%
Dachoman
1%
Fourtricks
1%
Madilloman
1%
Mizerka
1%
Sarahebi
1%
Aucun quiz correspondant
Distribution des résultats
% des personnes avec chaque résultat
Percentile par nombre de réponses
Votre historique - résultats
Vous n’avez pas pris ce quiz depuis la dernière actualisation